000 00552nam a22002057a 4500
001 00028783
005 20260415095411.0
008 260415b ag ||||| |||| 00| 0 spa d
020 _a8449969972
040 _aAR-CcCEOS
_bspa
_cAR-CcCEOS
041 _aspa
080 _a330.8
090 _bSMI
100 1 _aSmith, Adam,
_d1723-1790
_91051
245 _aLa riqueza de las naciones II /
_cAdam Smith
264 _aBuenos Aires :
_bOrbis,
_cc1983.
300 _a455 p. ;
_c24x15 cm.
655 0 _ateorias economicas
_91052
942 _2udc
_cBK
_n0
999 _c28818
_d28818